Szczegóły MARC21

Logistyka : wprowadzenie do logistyki, podejmowanie menedżerskich decyzji logistycznych, studia przypadków logistycznych, logistyczna gra decyzyjna /

003 -Nazwa inst., której nr kontr. jest w polu 001 [,]
    • @
    • Nazwa instytucji, której n kontrolny jest w polu 001
    • NUKAT
005 -DATA I CZAS OSTATNIEJ MODYFIKACJI [,]
    • @
    • pole kontrolne
    • 20250630134339.0
020 -Międzynarod. znormalizowany nr książki - ISBN [ , ]
    • a
    • Numer ISBN
    • 8386689064 Find
040 -Instytucja sporządzająca opis [ , ]
    • a
    • Instytucja, która sporządziła opis (NP)
    • GD U/as
    • b
    • Język katalogowania
    • pol
    • e
    • Zasady katalogowania
    • rda
    • c
    • Instytucja, która sporządziła rekord (NP)
    • GD U/as
    • d
    • Instytucja, która zmodyfikowała rekord (P)
    • GD U/as
    • d
    • Instytucja, która zmodyfikowała rekord (P)
    • GD U/AEKs
    • d
    • Instytucja, która zmodyfikowała rekord (P)
    • GL 001/FAK
041 -Język dokumentu [1, ]
    • a
    • Język tekstu (P)
    • polski
    • h
    • Język tekstu oryginalnego i/lub pośredniego (P)
    • angielski
942 -Rodzaj dokumentu [ , ]
    • c
    • Rodzaj dokumentu
    • Książka
100 -Hasło główne - nazwa osobowa [1, ]
    • a
    • Nazwa osobowa (NP)
    • Beier, Frederick J.
    • e
    • Rodzaj współpracy
    • Autor
    • 9
    • KHW
    • 424113
245 -Strefa tytułu i oznaczenia odpowiedzialności [1,0]
    • a
    • Tytuł
    • Logistyka : Find
    • b
    • Ciąg dalszy tytułu (NP)
    • wprowadzenie do logistyki, podejmowanie menedżerskich decyzji logistycznych, studia przypadków logistycznych, logistyczna gra decyzyjna / Find
    • c
    • Pozostałe elementy strefy tytułu i oznaczenia odpowiedzialności (NP)
    • Frederick J. Beier, Krzysztof Rutkowski ; tłumaczenia i koordynacja wydawnicza Krzysztof Rutkowski.
250 -Strefa wydania [ , ]
    • a
    • Oznaczenie wydania (NP)
    • Wydanie VII.
260 -Strefa adresu wydawniczego [ , ]
    • a
    • Miejsce wydania (P)
    • Warszawa :
    • b
    • Nazwa wydawcy (P)
    • Szkoła Główna Handlowa,
    • c
    • Data wydania (P)
    • 2000.
300 -Strefa opisu fizycznego [ , ]
    • a
    • Określenie formy książki i/lub objętość (NP)
    • 223 strony :
    • b
    • Oznaczenie ilustracji (NP)
    • ilustracje ;
    • c
    • Format (NP)
    • 25 cm.
336 -Typ zawartości [ , ]
    • a
    • Termin opisujący typ zawartości
    • Tekst
    • b
    • Kod określający zawartość
    • txt
    • 2
    • Źródło (terminu i kodu)
    • rdacontent
337 -Typ mediów [ , ]
    • a
    • Tryb odtwarzania
    • Bez urządzenia pośredniczącego
    • b
    • Kod typu mediów
    • n
    • 2
    • Źródło (terminu i kodu)
    • rdamedia
338 -Typ/rodzaj nośnika [ , ]
    • a
    • Hasło opisujące typ nośnika
    • Wolumin
    • b
    • Kod typu nośnika
    • nc
    • 2
    • Źródło (terminu i kodu)
    • rdacarrier
504 -Uwaga dot. bibliogr. załącznikowej [ , ]
    • a
    • Uwaga dot. bibliografii załącznikowej
    • Bibliografia na stronach 221-223.
080 -Uniwersalna Klasyfikacja Dziesiętna [ , ]
    • a
    • Symbol klasyfikacji
    • 658.1/.5.011
650 -Hasło przedmiotowe [ ,7]
    • a
    • Hasło przedmiotowe
    • Logistyka (organizacja)
    • v
    • Określnik formalny
    • podręczniki akademickie.
    • 2
    • Źródło terminu
    • kaba
    • 9
    • KHW
    • 360728
650 -Hasło przedmiotowe [ ,7]
    • a
    • Hasło przedmiotowe
    • Logistyka (organizacja)
    • v
    • Określnik formalny
    • studium przypadku.
    • 2
    • Źródło terminu
    • kaba
    • 9
    • KHW
    • 365058
980 -Symbol UKD [ , ]
    • a
    • UKD
    • 658.1/.5.011
700 -Hasło dodatkowe - nazwa osobowa [1, ]
    • a
    • Nazwa osobowa (NP)
    • Rutkowski, Krzysztof Find
    • c
    • Dopowiedzenie inne niż daty biograficzne (NP)
    • (ekonomista).
    • e
    • Określenie rodzaju współpracy
    • Autor
    • e
    • Określenie rodzaju współpracy
    • Tłumaczenie
    • 9
    • KHW
    • 14843
710 -Hasło dodatkowe - nazwa ciała zbiorowego [2, ]
    • a
    • Nazwa ciała zbiorowego lub nazwa geograficzna jako pierwszy element (NP)
    • Szkoła Główna Handlowa (Warszawa).
    • e
    • Rodzaj współpracy
    • Wydawca
    • 4
    • Kod relacji
    • pbl
    • 9
    • KHW
    • 12746
920 -ISBN [ , ]
    • a
    • ISBN
    • 83-86689-06-4 Find
Sygnatura Lokalizacja Data inwentaryzacji Numer inwentarzowy Status udost.
 BE2000-05-30E.66748-2
 BE2000-05-30S.85920-3
 BE2000-05-30S.85921-3
 BE2001-12-17S.88806-3
T.4860T2001-03-20T.4860-6
T.4861T2001-03-20T.4861-6
T.4862T2001-03-20T.4862-3
T.4863T2001-03-20T.4863-6
T.4864T2001-03-20T.4864-6
T.4865T2001-03-20T.4865-6
T.4866T2001-03-20T.4866-6
T.4867T2001-03-20T.4867-6
T.5132T2001-03-20T.5132-6